| 000 | 00598nam a22002291 4500 | ||
|---|---|---|---|
| 001 | sa 64004854 | ||
| 003 | DLC | ||
| 005 | 20260227112028.0 | ||
| 008 | 770419s1963 pk 00000 eng | ||
| 010 | _asa 64004854 | ||
| 035 | _aocl72858081 | ||
| 040 | _cIU | ||
| 043 | _aa-pk--- | ||
| 050 | 0 |
_aJA84.P14 _bA95 1963 |
|
| 100 | 1 | 0 | _aAziz, Khursheed Kamal. |
| 245 | 1 | 3 | _aAn introduction to citizenship. |
| 250 | _a[4th ed.] | ||
| 260 | 0 |
_aLahore, _bM. R. Brothers, _c1963. |
|
| 300 |
_avi, 422 p. ; _c19 cm. |
||
| 650 | 0 | _aPolitical science. | |
| 651 | 0 |
_aPakistan _xPolitics and government. |
|
| 999 |
_c58788 _d58788 |
||